000 00431pab a2200157 454500
008 180718b2013 xxu||||| |||| 00| 0 eng d
100 _aMartinez A., Claudia
245 _aIntrahousehold allocation and bargaining power: Evidence from Chile
260 _c2013
300 _ap.577-606.
362 _aApr
650 _aCollective bargaining
773 _aEconomic Development and Cultural Change
908 _aN
909 _a99691
999 _c99690
_d99690